000 00730nam a2200193 a 4500
003 AM-YeHGA
005 20250618075050.0
008 170710s1925 ru bf|||r|||||000|0|rus||
040 _aAM-YeHGA
041 0 _arus
100 1 _aПавлович, Михаил Павлович
245 1 0 _aИмпериализм и борьба за великие железнодорожные и морские пути будущего /
_cМ. Павлович.
260 _aЛенинград :
_bГос. изд-во,
_c1925.
300 _a256 с. :
_bкарт., табл. ;
_c22 см.
650 1 4 _aՊատմություն
650 1 4 _aՀամաշխարհային պատմություն
_95843
942 _2udc
_cBK
090 _c429697
999 _c427213
_d427213